| 000 | 00790nam a2200181 i 4500 | ||
|---|---|---|---|
| 001 | 182403 | ||
| 003 | ES-MaACL | ||
| 005 | 20250805055627.0 | ||
| 008 | 130808s1987 sp |||| | spa d | ||
| 080 | _a354.075.5(464.1M.) Comisión Nacional"Carlos III y la Ilustración"(094.5) | ||
| 245 | 0 | 0 |
_aConmemoración Carlos III y la Ilustración _b: 1788-1988 / _cComisión Nacional Carlos III y la Ilustración. |
| 260 |
_aMadrid : _bComisión Nacional Carlos III y la Ilustración, Comité Permanente : _bMinisterio de Cultura, Subsecretaría, _c1987. |
||
| 300 |
_a15 p. ; _c30 cm. |
||
| 600 | 0 | 4 |
_aCarlos _bIII, _cRey de España _935305 |
| 610 | 1 | 7 |
_aEspaña. _bComisión Nacional Carlos III y la Ilustración. _9153209 |
| 852 |
_aES-MaACL _j2323-F-14 |
||
| 999 |
_c182403 _d182403 |
||